| 000 | 01708cam a2200277 a 4500 | ||
|---|---|---|---|
| 001 | ocn423562724 | ||
| 003 | TZ-ArACH | ||
| 005 | 20240923141443.0 | ||
| 008 | 080228s2008 caua b 001 0 eng | ||
| 010 | _a 2003012769 | ||
| 020 | _a9786204090184 (pbk.) | ||
| 035 | _a(OCoLC)423562724 | ||
| 040 |
_aUKM _cTZ-ArACH |
||
| 041 | _aEng | ||
| 042 | _aukblcatcopy | ||
| 049 | _aTZAA | ||
| 050 | 4 |
_aK3410 _b.N55 2021 |
|
| 100 | 1 |
_aGorbacheva, Victoria. _94032 |
|
| 245 | 1 | 4 |
_aDroits de l'homme : _bhistoire et modernité / _cMicheline R. Ishay. |
| 260 |
_aChisinau (Moldova) : _bEditions Notre Savoir/ScienciScripts; _c2021. |
||
| 300 |
_a85 p. : _bill. ; _c23 cm. |
||
| 520 | _aMicheline Ishay recounts the dramatic struggle for human rights across the ages in a book that brilliantly synthesizes historical and intellectual developments from the Mesopotamian Codes of Hammurabi to today's era of globalization. As she chronicles the clash of social movements, ideas, and armies that have played a part in this struggle, Ishay illustrates how the history of human rights has evolved from one era to the next through texts, cultural traditions, and creative expression. Writing with verve and extraordinary range, she develops a framework for understanding contemporary issues from the debate over globalization to the intervention in Kosovo to the climate for human rights after September 11, 2001. The only comprehensive history of human rights available, the book will be essential reading for anyone concerned with humankind's quest for justice and dignity. | ||
| 650 | 0 |
_aHuman rights _xHistory. _94033 |
|
| 650 | 6 |
_aDroits de l'homme (Droit international) _xHistoire. _94034 |
|
| 942 |
_2lcc _cBOOK |
||
| 999 |
_c7350 _d7350 |
||